000 00569nam a2200145Ia 4500
008 090124s9999 xx 000 0 und d
082 _b205697
245 _a विश्व की महान वैज्ञानिक विभूतियां
250 _a1
260 _bशर्मा कपिल
_c2002
300 _a99
630 _a विश्व की महान वैज्ञानिक विभूतियां
730 _a विश्व की महान वैज्ञानिक विभूतियां
942 _cBOOK
999 _c187281
_d187281